000 00576nam a2200181Ia 4500
001 24399
005 20260414151040.0
008 260414t2018||||xx |||||||||||||| ||spa||
041 _aESP
082 _a345.7
_bG312
110 _aGaceta Jurídica
245 0 _aCompendium de demandas y escritos del proceso civil :
_bcompendio práctico que sistematiza los modelos de todos los documentos relacionados con los artículos del Código Procesal Civil
260 _c2018
300 _a1118 páginas :
_c25 cm.
650 _aDER
654 _aCDE
942 _cLIB
_dJUS
_fJUS
_2ddc
_n
999 _c24399
_d24399